The impact of communities on urban transportation /

Bibliographic Details
Main Author: Collison, Terry
Other Authors: Borowsky, George
Format: Book
Language:English
Published: Pittsburgh : [publisher not identified], 1970.
Subjects:

MARC

Tag First Indicator Second Indicator Subfields
LEADER 00000cam a2200000 4500
001 in00000012507
005 20151007051836.0
008 790910s1970 mau 00010 eng d
035 |a (OCoLC)05359193 
035 |9 AAA5076AM 
040 |a AFU  |c AFU  |d UtOrBLW 
049 |a TXAM  |c [A06328649] 
050 4 |a HE148  |b .C57 1970 
100 1 |a Collison, Terry. 
245 1 4 |a The impact of communities on urban transportation /  |c [by] Terry Collison [and] George Borowsky. Prepared for the second annual Carnegie-Mellon Conference on Advanced Urban Transportation Systems. 
264 1 |a Pittsburgh :  |b [publisher not identified],  |c 1970. 
300 |a 13 leaves ;  |c 28 cm. 
336 |a text  |b txt  |2 rdacontent 
337 |a unmediated  |b n  |2 rdamedia 
338 |a volume  |b nc  |2 rdacarrier 
650 0 |a Urban transportation. 
700 1 |a Borowsky, George. 
999 |a MARS 
999 f f |s 3639012f-3fff-30ac-9a64-3461b5d5d888  |i 20de5620-914d-3114-99a6-8ad67539224e  |t 0 
952 f f |p ric  |a Texas A&M University  |b Rellis Campus  |c Joint Library Facility  |d Remote Storage  |t 0  |e HE148 .C57 1970  |h Library of Congress classification  |i unmediated -- volume  |m A14806328649 
998 f f |a HE148 .C57 1970  |t 0  |l Remote Storage